Text book of fluid mechanics (Record no. 10484)

000 -LEADER
fixed length control field 00445nam a22001817a 4500
001 - CONTROL NUMBER
control field 10484
003 - CONTROL NUMBER IDENTIFIER
control field BD-DhUET
008 - FIXED-LENGTH DATA ELEMENTS--GENERAL INFORMATION
fixed length control field 150207b xxu||||| |||| 00| 0 eng d
040 ## - CATALOGING SOURCE
Original cataloging agency DLC
Transcribing agency DLC
Modifying agency BD-DhUET
082 ## - DEWEY DECIMAL CLASSIFICATION NUMBER
Classification number 620.1113
Item number KHU/1987
100 ## - MAIN ENTRY--PERSONAL NAME
Personal name Khurmi, R. S.
245 ## - TITLE STATEMENT
Title Text book of fluid mechanics
250 ## - EDITION STATEMENT
Edition statement 14th ed.
260 ## - PUBLICATION, DISTRIBUTION, ETC. (IMPRINT)
Place of publication, distribution, etc. New York
Name of publisher, distributor, etc. S.Chand & Company
Date of publication, distribution, etc. 1987
300 ## - PHYSICAL DESCRIPTION
Extent 639p.
650 #0 - SUBJECT ADDED ENTRY--TOPICAL TERM
Topical term or geographic name as entry element Mechanics of Fluids
942 ## - ADDED ENTRY ELEMENTS (KOHA)
Koha item type General Book
Holdings
Koha item type Price effective from Damaged status Koha date last seen Koha date last borrowed Location (home branch) Shelving location Copy number Lost status Koha normalized classification for sorting Date acquired Not for loan Koha issues (times borrowed) Sublocation or collection (holding branch) Withdrawn status Source of classification or shelving scheme Koha full call number Piece designation (barcode)
General Book2015-02-07 2021-10-032019-10-15Central Library, BUETCirculation section1 620_111300000000000_KHU_19872015-02-07 2Central Library, BUET  620.1113/KHU/198767950
General Book2015-02-07 2016-12-17 Central Library, BUETCirculation section2 620_111300000000000_KHU_19872015-02-07  Central Library, BUET  620.1113/KHU/198767948
General Book2015-04-22 2019-04-242017-08-19Central Library, BUETCirculation section3 620_111300000000000_KHU_19872015-04-22 1Central Library, BUET  620.1113/KHU/198767946